• 首页
  • 本馆介绍
  • 公告通知
  • 最新文献
  • 馆藏检索
  • 电子资源
  • 读者导购
  • 参考咨询
  • 我的图书馆
  • 登录
  • 详细信息显示
  • 放入我的书架
  • 预约/预借图书
  • 作者相关作品
  • 分类相关作品
  • 丛书相关作品
  • 出版社相关作品

书目信息

  • 表格格式
  • 工作单格式
  • 卡片格式
题名:
个人股票买卖160诀
    
 
作者: 黄慧 , 国景 著
分册:  
出版信息: 北京   中国人民大学出版社  1991.11
页数: 240页
开本: 19cm
丛书名:
单 册:
中图分类: F830.9
科图分类:
主题词: 股票--基本知识 , 资本市场--基本知识
电子资源:
ISBN: 7-300-01164-0
000 00880nam0 2200277 45
001 0192012991
005 20040428143806.6
010    @a7-300-01164-0@dCNY4.30
020    @aCN@b92012991
100    @a19921204d1991 em y0chiy0121 ea
101 0  @achi
102    @aCN@b110000
105    @ay z 000yy
106    @ar
200 10 @a个人股票买卖160诀@Age ren gu piao mai mai 160 jue@f黄 慧,国 景著@Fhuang hui guo jing zhu
210    @a北京@c中国人民大学出版社@d1991.11
215    @a240页@d19cm
330    @a本书阐述了股票市场的运转过程、股票交易技巧、投资风险与效益,并介绍和分析了我国股市现状和国外股市交易情况。
540 1  @a个人 股票@Age ren gu piao
606    @a股票@x基本知识
606    @a资本市场@x基本知识
690    @aF830.9@v3
701  0 @a黄慧@Ahuang hui@4著
701  0 @a国景@Aguo jing@4著
801  0 @aCN@bNLC@c19921204
905    @f1@b250178@dF830.9@e10
    
    个人股票买卖160诀/黄 慧,国 景著.-北京:中国人民大学出版社,1991.11
    240页;19cm
    
    
    ISBN 7-300-01164-0:CNY4.30
    本书阐述了股票市场的运转过程、股票交易技巧、投资风险与效益,并介绍和分析了我国股市现状和国外股市交易情况。
●
相关链接 在E读中查询图书 在五车中查询图书 在当当中查询图书 在豆瓣中查询图书


正题名:个人股票买卖160诀     索取号:F830.9/10         预约/预借

序号 登录号 条形码 馆藏地/架位号 状态 备注
1 0250178   000492201   第一借阅区/ [索取号:F830.9/10] 在馆    
2 0250179   000492194   第一样本阅览室/ [索取号:F830.9/10] 在馆    
唐山师范学院图书馆 欢迎您!
大连网信软件有限公司© 版权所有